Top 10 Cities In Italy By Population - Statistics

General Stats
  • This quiz has been taken 54 times
  • The average score is 8 of 10
Answer Stats
Population City % Correct
2,319,000 Rome
100%
1,237,000 Milan
98%
959,000 Naples
96%
870,000 Turin
94%
349,000 Florence
88%
580,000 Genoa
82%
648,000 Palermo
82%
366,000 Bologna
73%
277,000 Bari
69%
291,000 Catania
45%
No matching quizzes found
Score Distribution
Percent of People with Each Score
Percentile by Number Answered
Your Score History
You have not taken this quiz